<?xml version="1.0" encoding="UTF-8"?>
<marc:record xmlns:marc="http://www.loc.gov/MARC21/slim">
   <marc:leader>00000nam a2200000 a 4500</marc:leader>
   <marc:datafield ind1="1" ind2=" " tag="100">
      <marc:subfield code="a">Russell, Renee Rachel</marc:subfield>
      <marc:subfield code="4">aut</marc:subfield>
      <marc:subfield code="e">Verfasser/-in</marc:subfield>
   </marc:datafield>
   <marc:datafield ind1="0" ind2="0" tag="245">
      <marc:subfield code="a">Dork diaries/phänomenaler Auftritt</marc:subfield>
   </marc:datafield>
   <marc:datafield ind1="0" ind2="0" tag="245">
      <marc:subfield code="b">Nikkis (nicht ganz so)phänomenaler Auftritt</marc:subfield>
   </marc:datafield>
   <marc:datafield ind1=" " ind2="1" tag="264">
      <marc:subfield code="a">München</marc:subfield>
      <marc:subfield code="b">Schneider</marc:subfield>
   </marc:datafield>
   <marc:datafield ind1="1" ind2=" " tag="490">
      <marc:subfield code="a">Dork diaries</marc:subfield>
   </marc:datafield>
   <marc:datafield ind1="1" ind2=" " tag="520">
      <marc:subfield code="a">Die erste Regel für echte Dorks: kaum aus einem Schlamassel heraus, möglichst unverzüglich ins nächste Fettnäpfchen treten. Und niemand beherzigt diese Regel so gewissenhaft wie Nikki. Als sie bei einem Familienausflug mit ihrer kleinen Schwester auf der Karaokebühne landet, befindet sich ausgerechnet MacKenzie  absolute Oberzicke und Nikkis BFFI (Beste-Feindin-für-immer)  in genau demselben Lokal  und hält hämisch grinsend die Handykamera drauf! Arrgh! Dank YouTube sieht am nächsten Morgen auch die restliche Schule Nikkis glorreichen Aufritt. Am liebsten würde Nikki auswandern, aber es hilft nichts, schließlich heißt die zweite Regel für echte Dorks: Augen zu und durch!</marc:subfield>
   </marc:datafield>
   <marc:datafield ind1=" " ind2=" " tag="020">
      <marc:subfield code="a">9783505128622</marc:subfield>
      <marc:subfield code="9">9783505128622</marc:subfield>
   </marc:datafield>
   <marc:datafield ind1=" " ind2=" " tag="041">
      <marc:subfield code="a">ger</marc:subfield>
   </marc:datafield>
   <marc:datafield ind1="1" ind2=" " tag="521">
      <marc:subfield code="a">0</marc:subfield>
   </marc:datafield>
   <marc:datafield ind1=" " ind2=" " tag="300">
      <marc:subfield code="a">315 S. : zahlr. Ill.</marc:subfield>
   </marc:datafield>
</marc:record>
